[Event "Reunion op 15th"]
[Site "St Denis"]
[Date "2013.10.17"]
[Round "6"]
[White "Lecaille, Max"]
[Black "Hoareau, Noe"]
[Result "1-0"]
[WhiteElo "1548"]
[BlackElo "1598"]
[PlyCount "173"]
[EventDate "2013.10.12"]
[EventType "swiss"]
[EventRounds "9"]
[EventCountry "RUF"]
[SourceTitle "EXT 2014"]
[Source "ChessBase"]
[SourceDate "2013.11.20"]
[SourceVersion "1"]
[SourceVersionDate "2013.11.20"]
[SourceQuality "1"]

1. e4 c5 2. c3 Nf6 3. e5 Nd5 4. d4 cxd4 5. cxd4 e6 6. Bd2 a6 7. Nf3 Nc6 8. a3 d6 9. Nc3 dxe5 10. dxe5 b6 11. Nxd5 Qxd5 12. Bc3 Qxd1+ 13. Rxd1 Bb7 14. Be2 g6 15. 0-0 Bg7 16. Rfe1 Ne7 17. Bd4 Nd5 18. Nd2 b5 19. Bf3 Rb8 20. Bc5 Rc8 21. b4 Rc7 22. Ne4 Bxe5 23. Nd6+ Bxd6 24. Bxd6 Rc3 25. Bxd5 Bxd5 26. Rxd5 Rxa3 27. Rc5 Kd7 28. Rd1 Ra8 29. Be5+ Ke8 30. h3 Rb3 31. Rdc1 Rxb4 32. Rc8+ Rxc8 33. Rxc8+ Kd7 34. Ra8 Ra4 35. Ra7+ Ke8 36. Bf6 a5 37. Ra8+ Kd7 38. Bc3 b4 39. Bf6 b3 40. Rb8 Rb4 41. Rxb4 axb4 42. Kf1 Kd6 43. Bb2 Kc5 44. Ke2 Kc4 45. Ke3 f5 46. f4 h6 47. h4 h5 48. g3 Kd5 49. Kd3 Kc5 50. Be5 Kd5 51. Bd4 Kd6 52. Kc4 Kc6 53. Be5 b2 54. Bxb2 b3 55. Be5 Kb6 56. Kxb3 Kc5 57. Kc3 Kd5 58. Kd3 Kc5 59. Bf6 Kd5 60. Bd4 Kd6 61. Kc4 Kc6 62. Bc5 Kd7 63. Kb5 Kc7 64. Bb4 Kd7 65. Kb6 e5 66. fxe5 Ke6 67. Bc3 Kd5 68. Kc7 Ke6 69. Kc6 g5 70. hxg5 f4 71. gxf4 h4 72. Bd4 h3 73. Bg1 Ke7 74. f5 Kf7 75. Kd7 Kg7 76. e6 h2 77. Bxh2 Kh7 78. g6+ Kh8 79. e7 Kg7 80. f6+ Kxg6 81. e8Q+ Kxf6 82. Qe6+ Kg7 83. Qf5 Kh6 84. Qg4 Kh7 85. Ke7 Kh8 86. Kf7 Kh7 87. Qg7# 1-0

[Event "Reunion op 15th"]
[Site "St Denis"]
[Date "2013.10.13"]
[Round "2"]
[White "Lecaille, Max"]
[Black "Lee Luen Mang, Alan Stefan"]
[Result "1-0"]
[WhiteElo "1548"]
[BlackElo "1599"]
[PlyCount "117"]
[EventDate "2013.10.12"]
[EventType "swiss"]
[EventRounds "9"]
[EventCountry "RUF"]
[SourceTitle "EXT 2014"]
[Source "ChessBase"]
[SourceDate "2013.11.20"]
[SourceVersion "1"]
[SourceVersionDate "2013.11.20"]
[SourceQuality "1"]

1. e4 c5 2. c3 d6 3. Bc4 Nf6 4. Qe2 Nc6 5. Nf3 Bg4 6. h3 Bh5 7. Qe3 e5 8. Na3 a6 9. Nc2 b5 10. Be2 Be7 11. d4 Bg6 12. Nd2 Nh5 13. dxc5 Bg5 14. Qf3 dxc5 15. Nb3 c4 16. Bxg5 Qxg5 17. Nd2 Rd8 18. Rd1 Nf4 19. Ne3 0-0 20. h4 Qh6 21. Ng4 Qh5 22. Ne3 Qxf3 23. Bxf3 Nd3+ 24. Kf1 h6 25. Nd5 Rd7 26. b3 Rfd8 27. bxc4 Nb2 28. Rb1 Nxc4 29. Nxc4 bxc4 30. Rd1 f6 31. g3 Kf8 32. Kg2 Ne7 33. h5 Bh7 34. Nxe7 Rxd1 35. Rxd1 Rxd1 36. Bxd1 Bxe4+ 37. f3 Bxf3+ 38. Bxf3 Kxe7 39. Bd5 Kd6 40. Bxc4 a5 41. Kf2 Kc5 42. Bb3 Kd6 43. Kf3 f5 44. Bf7 a4 45. a3 Ke7 46. Bg8 Kd6 47. Ke3 Ke7 48. Bc4 Kf6 49. Be2 g5 50. hxg6 Kxg6 51. c4 Kf6 52. c5 Ke6 53. c6 Kd6 54. Bb5 h5 55. Bxa4 Kc7 56. Bb5 Kb6 57. a4 Ka7 58. a5 Kb8 59. a6 1-0

[Event "Reunion op 13th"]
[Site "St Denis"]
[Date "2011.10.05"]
[Round "5"]
[White "Nassau, Pierre Alexandre"]
[Black "Lecaille, Max"]
[Result "1-0"]
[WhiteElo "1634"]
[BlackElo "1470"]
[PlyCount "101"]
[EventDate "2011.10.01"]
[EventType "swiss"]
[EventRounds "9"]
[EventCountry "RUF"]
[SourceTitle "EXT 2012"]
[Source "ChessBase"]
[SourceDate "2011.11.24"]
[SourceVersion "1"]
[SourceVersionDate "2011.11.24"]
[SourceQuality "1"]

1. e4 e5 2. Nf3 Nc6 3. Nc3 Nf6 4. d4 exd4 5. Nxd4 Bb4 6. Nxc6 bxc6 7. Bg5 0-0 8. Bd3 d5 9. 0-0 Bxc3 10. bxc3 dxe4 11. Bxf6 Qxf6 12. Bxe4 Qxc3 13. Qh5 h6 14. Rab1 Ba6 15. Rb3 Qd2 16. Rd1 Qf4 17. Bxc6 Rad8 18. Bd5 g6 19. Rf3 gxh5 20. Rxf4 c6 21. Bxf7+ Kg7 22. Rxd8 Rxd8 23. Bxh5 Rd2 24. Rf7+ Kh8 25. Rxa7 Rxc2 26. g3 Rxa2 27. f4 Ra1+ 28. Kf2 Ra2+ 29. Ke3 c5 30. f5 Ra3+ 31. Kd2 Rd3+ 32. Kc2 Rd6 33. Rc7 Rd5 34. Bg6 Bd3+ 35. Kc3 Bxf5 36. Rh7+ Kg8 37. Bxf5 Rxf5 38. Rxh6 Kg7 39. Rh4 Kg6 40. Kc4 Kg5 41. Kb5 Re5 42. Rc4 Rf5 43. Rxc5 Rxc5+ 44. Kxc5 Kg4 45. Kd5 Kh3 46. Ke5 Kg4 47. h4 Kh5 48. Kf6 Kh6 49. Kf7 Kh5 50. Kg7 Kg4 51. Kg6 1-0

[Event "Reunion op 12th"]
[Site "St Denis"]
[Date "2010.10.09"]
[Round "1"]
[White "Lecaille, Max"]
[Black "Ranaivoharisoa, Alain"]
[Result "0-1"]
[WhiteElo "1510"]
[BlackElo "2153"]
[PlyCount "54"]
[EventDate "2010.10.09"]
[EventType "swiss"]
[EventRounds "9"]
[EventCountry "RUF"]
[SourceTitle "CBM 138 Extra"]
[Source "ChessBase"]
[SourceDate "2010.10.29"]
[SourceVersion "1"]
[SourceVersionDate "2010.10.29"]
[SourceQuality "1"]

1. e4 c5 2. Nf3 d6 3. Bc4 e6 4. 0-0 Nc6 5. Nc3 a6 6. d4 cxd4 7. Nxd4 Nf6 8. Bg5 Be7 9. Qe2 Nxd4 10. Qd2 Nc6 11. Qe2 0-0 12. Qd2 b5 13. Be2 b4 14. Nd1 Nxe4 15. Bxe7 Qxe7 16. Qe3 d5 17. b3 f5 18. Nb2 f4 19. Qf3 Nd4 20. Qd3 e5 21. Bf3 Bf5 22. Bxe4 Bxe4 23. Qh3 Rf6 24. Nd3 Rh6 25. Qg4 Rg6 26. Qh3 Qd7 27. Qxd7 Ne2+ 0-1

[Event "Reunion op 11th"]
[Site "St Denis"]
[Date "2009.10.17"]
[Round "9"]
[White "Rivolo, Anne Claire"]
[Black "Lecaille, Max"]
[Result "1-0"]
[WhiteElo "1340"]
[BlackElo "1009"]
[PlyCount "135"]
[EventDate "2009.10.10"]
[EventType "swiss"]
[EventRounds "9"]
[EventCountry "RUF"]
[SourceTitle "CBM 132 Extra"]
[Source "ChessBase"]
[SourceDate "2009.11.03"]
[SourceVersion "1"]
[SourceVersionDate "2009.11.03"]
[SourceQuality "1"]

1. e4 e5 2. Nf3 Nc6 3. Nc3 Nf6 4. Bc4 Be7 5. d3 Ng4 6. 0-0 0-0 7. Nd5 Nd4 8. Nxd4 exd4 9. Qxg4 d6 10. Qe2 Bg5 11. c3 dxc3 12. Nxc3 Bxc1 13. Raxc1 Qg5 14. Qf3 Bg4 15. Qg3 h6 16. h3 Bd7 17. Qxg5 hxg5 18. Rce1 Rfe8 19. Nd5 Re5 20. d4 Rxd5 21. Bxd5 Bb5 22. e5 Rd8 23. e6 fxe6 24. Bxe6+ Kh8 25. Bf7 a5 26. Re8+ Bxe8 27. Bd5 c6 28. Bc4 b5 29. Be2 Bf7 30. Rd1 Bxa2 31. Ra1 Bc4 32. Bxc4 bxc4 33. Rxa5 c5 34. dxc5 d5 35. Kf1 d4 36. Ke2 c3 37. Kd3 cxb2 38. Rb5 Rd5 39. Rxb2 Rxc5 40. Kxd4 Rc6 41. Rb8+ Kh7 42. Rb2 Rd6+ 43. Ke5 Rf6 44. g3 Kg6 45. f4 gxf4 46. gxf4 Rf5+ 47. Ke4 Rh5 48. Rg2+ Kf6 49. Rg3 g6 50. Rd3 g5 51. Rd5 Rxh3 52. Rf5+ Kg6 53. Rxg5+ Kf6 54. Rc5 Rh7 55. Rc6+ Ke7 56. Rc7+ Kf6 57. Rxh7 Ke6 58. f5+ Kf6 59. Rh6+ Kf7 60. Ke5 Ke7 61. f6+ Kf7 62. Rh7+ Kg8 63. Rb7 Kf8 64. Ke6 Kg8 65. Rb8+ Kh7 66. f7 Kg7 67. f8Q+ Kh7 68. Qg8+ 1-0

[Event "Reunion op 11th"]
[Site "St Denis"]
[Date "2009.10.16"]
[Round "8"]
[White "Lecaille, Max"]
[Black "Lapierre, Christian"]
[Result "0-1"]
[WhiteElo "1009"]
[BlackElo "1480"]
[PlyCount "46"]
[EventDate "2009.10.10"]
[EventType "swiss"]
[EventRounds "9"]
[EventCountry "RUF"]
[SourceTitle "CBM 132 Extra"]
[Source "ChessBase"]
[SourceDate "2009.11.03"]
[SourceVersion "1"]
[SourceVersionDate "2009.11.03"]
[SourceQuality "1"]

1. e4 c5 2. Nf3 Nc6 3. Nc3 d6 4. h3 g6 5. Bc4 Bg7 6. Ng5 e6 7. 0-0 Nf6 8. Bb5 0-0 9. Bxc6 bxc6 10. Re1 Rb8 11. e5 dxe5 12. Rxe5 Nd7 13. Re3 Qxg5 14. Ne4 Qe7 15. Qf3 Ne5 16. Qg3 Bd7 17. Ng5 Nc4 18. Rb3 Nd6 19. Rd3 Nf5 20. Qf4 Nd4 21. Re3 Nxc2 22. Qh4 h6 23. Nh7 Qxh4 0-1